000 00493nam a2200193 a 4500
001 1772014605257
003 YourLibrary
005 20260225154811.0
008 260225s1997##################000#0#eng##
020 _a9781572301696
082 0 4 _a323.092
_bMOS
100 1 _aMoses, Greg,
_eauthor.
245 1 0 _aRevolution of Conscience :
260 _bGarland Science,
_c1997.
300 _a238 pages
650 0 _aPhilosophy.
942 _cENGLISH
040 _aYourLibrary
_beng
_cYourLibrary
999 _c615863
_d615863